01055 2200313 4500001002100000005001500021035002000036007000300056008004100059020002200100040002200122082001800144084002000162245009600182650002000278850001200298264004500310336002100355337002300376338003800399300003100437856007600468852002000544500006900564100002900633504003500662990002200697990002200719INLIS00000000086737820211125100608 a0010-1121001459ta210705t2010 jki fs ind d a978-979-22-5990-2 aYOPDYOGbinderda04223a297.27 23 a297.27 23 HIL m10aMelayani umat :bfilantropi Islam dan ideologi kesejahteraan kaum modernis /cHilman Latief 4aSosiologi Islam aYOPDYOG31aJakarta :bGramedia Pustaka Utama,c2010 2rdacontentateks 2rdamediaakomputer 2rdacarrierasumber sambung jaring a1 berkas komputer (4,0 MB)40nPerpustakaan Digital iJogjauhttp://ijogja.id /publications/books/211958 aaplikasi iJogja aUntuk mengakses buku ini silakan unduh aplikasi http://ijogja.id0 aHilman Latiefepengarang aBibliografi: halaman [289]-307 a003423-EPD/B.2017 a003424-EPD/B.2017